MARC

LEADER 00000nam0a2200000 4500
001 331325
005 20231102004339.0
035 |a (RuTPU)RU\TPU\book\357145 
090 |a 331325 
100 |a 20170421d1961 m y0rusy50 ca 
101 0 |a rus 
102 |a RU 
105 |a a j 001zy 
200 1 |a Детали машин и подъемно-транспортные машины  |e учебное пособие  |f Н. А. Спицын, И. И. Капканец 
210 |a Москва  |c Высшая школа  |d 1961 
215 |a 332 с.  |c ил. 
320 |a Библиогр.: с. 325-326 
606 1 |a Детали машин  |2 stltpush  |3 (RuTPU)RU\TPU\subj\9144  |9 36422 
606 1 |a Подъемно-транспортные машины  |2 stltpush  |3 (RuTPU)RU\TPU\subj\49841  |9 68603 
610 1 |a винтовые соединения 
610 1 |a соединения 
610 1 |a передачи 
610 1 |a оси 
610 1 |a валы 
610 1 |a муфты 
610 1 |a подшипники 
610 1 |a пружины 
610 1 |a учебные пособия 
675 |a 621.81(075.8)  |v 4 
675 |a 621.86(075.8)  |v 4 
700 1 |a Спицын  |b Н. А.  |g Николай Александрович 
701 1 |a Капканец  |b И. И.  |g Иван Иванович 
801 1 |a RU  |b 63413507  |c 20170421 
801 2 |a RU  |b 63413507  |c 20170424  |g RCR 
942 |c BK